| 000 | 01168nam a22002897a 4500 | ||
|---|---|---|---|
| 001 | 10029 | ||
| 003 | FISKH | ||
| 005 | 20260331090800.0 | ||
| 008 | 260331b cb ||||| |||| 00| 0 eng d | ||
| 020 | _a9781407595658 | ||
| 040 |
_aFISKH _beng _cFISKH _dFISKH |
||
| 082 | _a 597.3 | ||
| 100 | _aAnonymous | ||
| 245 |
_aIncredible sharks : _b7 amazing giant scenes! / |
||
| 250 | _aThis edition published in 2011 | ||
| 260 |
_aQueen Street : _bParagon, _c2010 |
||
| 300 |
_a24 unnumbered pages : _bcolor illustrations ; _c27 cm |
||
| 490 | _aDiscovery Kids : Amazing New 3-D never seen before! | ||
| 505 | _aF | ||
| 520 | _aWith 7 amazing giant scenes to decorate, over 25 stickers, and a cool pair of 3D glasses to help each scene come alive, kids will love to play and learn with this Discovery Kids 3D sticker and activity book! Packed with adorable photos and fun facts about incredible sharks, this set is great for any curious child. | ||
| 521 | 8 |
_a300
_bLexile estimate |
|
| 521 | 8 |
_aF
_bRaz-Plus |
|
| 650 |
_aSharks _vJuvenile literature |
||
| 650 |
_aMarine animals _vJuvenile literature |
||
| 942 |
_2ddc _cBK _n0 |
||
| 999 |
_c10029 _d10029 |
||